000 00405nam a2200169Ia 4500
003 LK-CoDNM
008 010623t1921 xxu||||| |||| 00| 1 sin d
040 _aLK-CoDNM
_dLK-CoDNM
_eLK-CoDNM
041 _asin
080 _a104 I 2
100 _aDias,Charles.
245 _aභූරිදත්ත
246 _aBhuridatta
260 _bSudarmarama
_aColombo
_c1921
300 _b41p, 21 cm
942 _cBK
999 _c90726
_d90726